Quản trị xuất nhập khẩu
Trình bày các nội dung cơ bản về quản trị xuất nhập khẩu như hoạch định chiến lược và kế hoạch kinh doanh xuất nhập khẩu, điều kiện thương mại quốc tế, phương thức thanh toán; vấn đề lý luận, quá trình và kĩ thuật đàm phán hợp đồn...
Đã lưu trong:
| Hovedforfatter: | |
|---|---|
| Andre forfattere: | |
| Format: | Bog |
| Sprog: | Vietnamese |
| Udgivet: |
Tp.HCM
Tổng hợp
2013
|
| Udgivelse: | Tái bản lần thứ nhất |
| Fag: | |
| Tags: |
Tilføj Tag
Ingen Tags, Vær først til at tagge denne postø!
|
| Thư viện lưu trữ: | Thư viện Trường Đại học Nam Cần Thơ |
|---|
| LEADER | 02035aam a22002658a 4500 | ||
|---|---|---|---|
| 001 | NCT_21698 | ||
| 008 | 160713s2016 ||||||viesd | ||
| 999 | |c 1027 |d 1027 | ||
| 020 | |c 95000 | ||
| 082 | 0 | 4 | |2 23rd ed. |a 382 |b V121 |
| 100 | 1 | |a Đoàn Thị Hồng Vân |e chủ biên | |
| 245 | 1 | 0 | |a Quản trị xuất nhập khẩu |c Đoàn Thị Hồng Vân (chủ biên), Kim Ngọc Đạt |
| 250 | |a Tái bản lần thứ nhất | ||
| 260 | |a Tp.HCM |b Tổng hợp |c 2013 | ||
| 300 | |a 655 tr. |b minh họa |c 24 cm | ||
| 520 | 3 | |a Trình bày các nội dung cơ bản về quản trị xuất nhập khẩu như hoạch định chiến lược và kế hoạch kinh doanh xuất nhập khẩu, điều kiện thương mại quốc tế, phương thức thanh toán; vấn đề lý luận, quá trình và kĩ thuật đàm phán hợp đồng xuất nhập khẩu; các loại hợp đồng xuất nhập khẩu, tổ chức thực hiện hợp đồng xuất nhập khẩu và các vấn đề liên quan. | |
| 653 | |a Quản trị kinh doanh | ||
| 700 | 1 | |a Kim Ngọc Đạt | |
| 942 | |2 ddc |c BK | ||
| 952 | |0 0 |1 0 |2 ddc |4 0 |6 382_000000000000000_V121 |7 0 |9 11629 |a 000001 |b 000001 |d 2018-06-22 |o 382 V121 |p MD.06441 |r 2018-06-22 |v 95000.00 |w 2018-06-22 |y BK | ||
| 952 | |0 0 |1 0 |2 ddc |4 0 |6 382_000000000000000_V121 |7 0 |9 11630 |a 000001 |b 000001 |d 2018-06-22 |o 382 V121 |p MD.06442 |r 2018-06-22 |v 95000.00 |w 2018-06-22 |y BK | ||
| 952 | |0 0 |1 0 |2 ddc |4 0 |6 382_000000000000000_V121 |7 0 |9 11631 |a 000001 |b 000001 |d 2018-06-22 |o 382 V121 |p MD.06443 |r 2018-06-22 |v 95000.00 |w 2018-06-22 |y BK | ||
| 952 | |0 0 |1 0 |2 ddc |4 0 |6 382_000000000000000_V121 |7 0 |9 11632 |a 000001 |b 000001 |d 2018-06-22 |o 382 V121 |p MD.06444 |r 2018-06-22 |v 95000.00 |w 2018-06-22 |y BK | ||
| 952 | |0 0 |1 0 |2 ddc |4 0 |6 382_000000000000000_V121 |7 0 |9 11633 |a 000001 |b 000001 |d 2018-06-22 |o 382 V121 |p MD.06445 |r 2018-06-22 |v 95000.00 |w 2018-06-22 |y BK | ||
| 980 | |a Thư viện Trường Đại học Nam Cần Thơ | ||